000
00271nam a2200109Ia 4500
008
200302s9999 xx 000 0 und d
100
_a
Sarah palmer
245
_a
10 Airports Frentress Bradburn Architects
260
_b
Edizioni America
260
_c
2006
300
_a
144 P.,
999
_c
5766
_d
5766